Just Gen-Z Things: Picture Quiz - Statistics

General Stats
  • This quiz has been taken 81 times
  • The average score is 9 of 16
Answer Stats
Picture Hint Answer % Correct
App TikTok
100%
Presidential Candidate Kamala Harris
86%
Pet Cat
84%
Gaming Console Nintendo Switch
84%
Music Genre Kpop
83%
Beverage Milk Tea
83%
Actor Timothée Chalamet
67%
Snack Takis
60%
Musician Chappell Roan
59%
Type of Store Thrift Store
59%
Belief Astrology
50%
Skincare Pimple Patches
36%
Stuffed Animal Squishmallow
29%
Legal Drug Nicotine Pouches
27%
Clothing Store Brandy Melville
19%
Car Honda Civic
11%
No matching quizzes found
Score Distribution
Percent of People with Each Score
Percentile by Number Answered
Your Score History
You have not taken this quiz